LEADER 01341nam0 2200289 450 001 000034668 005 20150114134648.0 100 $a20130419d2013----km-y0itay50------ba 101 0 $aeng 102 $aIT 105 $aa---m-------- 200 1 $aEnvironmental nanotechnologies based on clay-biocomposites and clay-composites$bTesi di dottorato$fdottorando: Alaa Aldin Alromeed$gtutor: Sabino Aurelio Bufo$gco-tutor: Tomàs Undabeytia 210 $a[Potenza]$d[2013] 215 $a76 p.$cill.$d30 cm. 328 1$aSul frontespizio: Università degli Studi della Basilicata, Dottorato di ricerca in Crop system, forestry and environmental sciences, XXV ciclo, A.a. 2011-2012 676 $a630.24$v(22. ed.)$9Agricoltura e tecnologie connesse. Principi scientifici. Chimica 686 $aAGR/13$cChimica agraria 700 1$aAlromeed,$bAlaa Aldin$0446418 801 0$aIT$bUniversità della Basilicata - B.I.A.$gREICAT$2unimarc 912 $a000034668 996 $aEnvironmental nanotechnologies based on clay-biocomposites and clay-composites$997728 997 $aUNIBAS BAS $aAGRARIA CAT $aSTD086$b01$c20130419$lBAS01$h1117 CAT $aTTM$b30$c20150114$lBAS01$h1346 FMT Z30 -1$lBAS01$LBAS01$mBOOK$1BASA2$APolo Tecnico-Scientifico$2TDO$BTesi di Dottorato$3TDA.25c.AA1$528597-10$820130419$f98$FConsultazione LEADER 01658nam 22004453 450 001 996691911403316 005 20251022080550.0 010 $a3-8394-0175-5 035 $a(CKB)41665253000041 035 $a(MiAaPQ)EBC32334472 035 $a(Au-PeEL)EBL32334472 035 $a(OCoLC)1545806397 035 $a(EXLCZ)9941665253000041 100 $a20251022d2025 uy 0 101 0 $ager 135 $aur||||||||||| 181 $ctxt$2rdacontent 182 $cc$2rdamedia 183 $acr$2rdacarrier 200 10$aCharles Mills' Politische Philosophie $eEin Nachruf 205 $a1st ed. 210 1$aBielefeld :$ctranscript Verlag,$d2025. 210 4$d©2025. 215 $a1 online resource (199 pages) 311 08$a3-8376-7715-X 330 $aCharles W.Mills war einer der einflussreichsten englischsprachigen Philosophen und spielte eine wichtige Rolle bei der Veränderung des Diskurses der politischen Philosophie. Die Beiträger*innen liefern eine Weiterentwicklung von Mills politischer Theorie, eine Interpretation seiner erkenntnistheoretischen Überlegungen und zeigen. 606 $aPHILOSOPHY / Ethics & Moral Philosophy$2bisacsh 606 $aPHILOSOPHY / Movements / Critical Theory$2bisacsh 606 $aPHILOSOPHY / Social$2bisacsh 615 7$aPHILOSOPHY / Ethics & Moral Philosophy 615 7$aPHILOSOPHY / Movements / Critical Theory 615 7$aPHILOSOPHY / Social 700 $aHänel$b Hilkje C$01854054 801 0$bMiAaPQ 801 1$bMiAaPQ 801 2$bMiAaPQ 906 $aBOOK 912 $a996691911403316 996 $aCharles Mills' Politische Philosophie$94451081 997 $aUNISA